|
|
|
|
| LEADER |
00788cam a2200217 a 4500 |
| 001 |
0000064251 |
| 005 |
20030127090000.0 |
| 040 |
|
|
|a mod
|
| 041 |
|
|
|a eng
|
| 020 |
0 |
0 |
|a 9835909288
|
| 090 |
0 |
0 |
|a 304.207
|b HAM
|e 2001
|
| 100 |
0 |
0 |
|a Hammal Umar
|
| 245 |
1 |
0 |
|a Kajian tempatan tahun 4, 5, 6 KBSR 2001/2002
|c Hammal Umar
|
| 260 |
0 |
0 |
|a Petaling Jaya
|b Sasbadi
|c 2001
|
| 300 |
0 |
0 |
|a vii, 192ms.
|b ill.
|c 20cm
|
| 440 |
0 |
0 |
|a Siri target ++ (plus-plus) merit PKSR KBSR
|
| 650 |
0 |
0 |
|a Human ecology
|x Study and teaching (Primary)
|
| 650 |
0 |
0 |
|a Environmental sciences
|x Study and teaching (Primary)
|
| 650 |
0 |
0 |
|a Social ecology
|x Study and teaching (Primary)
|
| 999 |
|
|
|a 0209399
|b PULMAT
|d BOOKS
|e Buku Teks
|f PULMAT
|j AVAILABLE
|q GOOD CONDITION
|
| 999 |
|
|
|a 0209400
|b PULMAT
|d BOOKS
|e Buku Teks
|f PULMAT
|j AVAILABLE
|q GOOD CONDITION
|